Swimming / (Record no. 16568)
[ view plain ]
| 000 -LEADER | |
|---|---|
| fixed length control field | 00752nam a2200265I 4500 |
| 001 - CONTROL NUMBER | |
| control field | 16568 |
| 003 - CONTROL NUMBER IDENTIFIER | |
| rucl marc code | MCM |
| 005 - DATE AND TIME OF LATEST TRANSACTION | |
| control field | 20211209000027.0 |
| 008 - FIXED-LENGTH DATA ELEMENTS--GENERAL INFORMATION | |
| fixed length control field | 140213r19591949enk 000 0 eng d |
| 035 ## - SYSTEM CONTROL NUMBER | |
| System control number | BD-RUjL)16623 |
| System control number | (OCoLC)02916384 |
| System control number | GLIS00470056 |
| 040 ## - CATALOGING SOURCE | |
| Original cataloging agency | DMM |
| Transcribing agency | DMM |
| Modifying agency | RCD |
| -- | BD-RUjL |
| Language of cataloging | eng |
| 041 ## - LANGUAGE CODE | |
| Language code of text/sound track or separate title | eng |
| 082 04 - DEWEY DECIMAL CLASSIFICATION NUMBER | |
| Classification number | 797.2 |
| Author mark and year | KIS 1959 |
| 090 ## - LOCALLY ASSIGNED LC-TYPE CALL NUMBER (OCLC); LOCAL CALL NUMBER (OCLC) | |
| Classification number (OCLC) (R) ; Classification number, CALL (RLIN) (NR) | GV837 |
| Local cutter number (OCLC) ; Book number/undivided call number, CALL (RLIN) | .K57 |
| 099 ## - LOCAL FREE-TEXT CALL NUMBER (OCLC) | |
| Bangla Class number | GV837.K57 |
| 100 1# - MAIN ENTRY--PERSONAL NAME | |
| Personal name | Kiphuth, Robert J. H. |
| Fuller form of name | (Robert John Herman) |
| 9 (RLIN) | 51200 |
| 245 10 - TITLE STATEMENT | |
| Title | Swimming / |
| Statement of responsibility, etc. | by Robert J. H. Kiphuth. |
| 260 ## - PUBLICATION, DISTRIBUTION, ETC. (IMPRINT) | |
| Place of publication, distribution, etc. | London : |
| Name of publisher, distributor, etc. | Nicholas kaye, |
| Date of publication, distribution, etc. | c1949 [Imprission 1959] |
| 300 ## - PHYSICAL DESCRIPTION | |
| Pagination | 110 p. : |
| Illustrations | illus., diagr. ; |
| Size | 19cm |
| 650 #0 - SUBJECT ADDED ENTRY--TOPICAL TERM | |
| Topical term or geographic name as entry element | Swimming. |
| 9 (RLIN) | 50559 |
| 942 ## - ADDED ENTRY ELEMENTS (KOHA) | |
| Source of classification or shelving scheme | Dewey Decimal Classification |
| Koha item type | Books |
| 949 ## - LOCAL PROCESSING INFORMATION (OCLC) | |
| a | MYGH |
| b | 39080004252455 |
| a | MYGH |
| Lost status | Source of classification or shelving scheme | Damaged status | Not for loan | Collection code | Permanent Location | Current Location | Shelving location | Date acquired | Source of acquisition | Cost, normal purchase price | Total Checkouts | Full call number | Date last seen | Copy number | Koha item type |
|---|---|---|---|---|---|---|---|---|---|---|---|---|---|---|---|
| Dewey Decimal Classification | Not For Loan | Non-fiction | Central Library, University of Rajshahi | Central Library, University of Rajshahi | Reading Room | 03/03/1964 | Zeithlinger. | 11.60 | 797.2 KIS 1959 | 13/02/2014 | C-1 | Books |